Návody na cvičenia z organizácie poľnohospodárskej výroby
Enregistré dans:
| Auteur principal: | |
|---|---|
| Autres auteurs: | |
| Format: | Livre |
| Langue: | slovaque |
| Publié: |
Nitra
Vysoká škola poľnohospodárska
1983
|
| Tags: |
Pas de tags, Soyez le premier à ajouter un tag!
|
MARC
| LEADER | 00000nam a2200000 4500 | ||
|---|---|---|---|
| 001 | c115952 | ||
| 005 | 20181219123731.6 | ||
| 041 | 0 | |a slo | |
| 044 | |a SK | ||
| 245 | 1 | 0 | |a Návody na cvičenia z organizácie poľnohospodárskej výroby |c Ľubomír Paška, Ľudmila Mižíčková |
| 264 | 1 | |a Nitra |b Vysoká škola poľnohospodárska |c 1983 | |
| 300 | |a 116 s. | ||
| 100 | 1 | |a Paška, Ľubomír | |
| 700 | 1 | |a Mižíčková, Ľudmila | |